Statistics for Largest cities in 2100

Click here to take the quiz!

General Stats

  • This quiz has been taken 45 times
  • The average score is 68 of 100

Answer Stats

#CityCountryPopulation% Correct
1LagosNigeria88,344,661
98%
4MumbaiIndia67,239,804
98%
21BaghdadIraq34,103,466
95%
51Buenos AiresArgentina16,798,009
95%
15CairoEgypt40,542,502
95%
5DelhiIndia57,334,134
95%
8DhakaBangladesh54,249,845
95%
9KolkataIndia52,395,315
95%
64LimaPeru12,813,713
95%
40Los AngelesUSA20,011,865
95%
17ManilaPhilippines39,959,024
95%
34Mexico CityMexico22,219,013
95%
22New YorkUSA30,193,444
95%
28TokyoJapan25,630,537
95%
57ChicagoUSA14,537,584
93%
53Ho Chi Minh CityVietnam15,526,317
93%
41Rio de JaneiroBrazil19,844,691
93%
37ShanghaiChina20,796,384
93%
63HanoiVietnam12,868,419
91%
10KabulAfghanistan50,269,659
91%
11KarachiPakistan49,055,566
91%
44Sao PauloBrazil19,121,182
91%
20Addis AbabaEthiopia35,820,348
89%
66BangkokThailand12,138,056
89%
52BeijingChina15,582,289
89%
73BogotaColombia11,204,123
89%
48JakartaIndonesia18,216,212
89%
2KinshasaDR Congo83,493,793
89%
86LondonUK9,560,249
89%
67ParisFrance11,862,250
89%
55AlexandriaEgypt14,725,675
86%
54IstanbulTurkey14,791,100
86%
94MoscowRussia8,424,885
86%
12NairobiKenya46,661,254
86%
98TehranIran8,171,322
86%
26LahorePakistan27,005,610
84%
99Osaka-KobeJapan8,004,614
84%
87RiyadhSaudi Arabia9,400,718
84%
35DakarSenegal21,177,983
82%
3Dar Es SalaamTanzania73,678,022
82%
6KhartoumSudan56,594,472
82%
19MogadishuSomalia36,371,702
82%
31LuandaAngola23,550,753
80%
96TorontoCanada8,331,657
80%
39AntananarivoMadagascar20,528,576
77%
65GuangzhouChina12,679,023
77%
89MiamiUsa9,180,399
77%
25Sana'aYemen27,213,206
77%
29BangaloreIndia24,767,999
75%
100DallasUSA7,931,853
75%
46AbujaNigeria18,780,791
73%
27ChennaiIndia25,812,847
73%
32HyderabadIndia23,170,146
73%
16KampalaUganda40,136,219
70%
7NiameyNiger56,149,130
70%
61Phnom PenhCambodia13,883,036
70%
77AccraGhana10,986,986
68%
70Hong KongChina11,457,754
68%
91PhiladelphiaUSA8,976,943
68%
47KigaliRwanda18,300,407
66%
72MonroviaLiberia11,205,417
66%
71YangonMyanmar11,416,387
66%
42AhmedabadIndia19,711,953
64%
84TianjinChina9,902,173
64%
33BamakoMali22,950,973
61%
18LusakaZambia37,740,826
61%
36MaputoMozambique21,070,106
61%
43AbidjanCote d'Ivoire19,701,522
59%
95AleppoSyria8,370,015
59%
23N'DjamenaChad28,814,762
59%
38OuagadougouBurkina Faso20,630,806
59%
45ChittagongBangladesh18,824,191
57%
50ConakryGuinea17,231,406
57%
24KanoNigeria28,277,450
57%
13LilongweMalawi41,379,375
57%
60MombasaKenya14,011,887
57%
81LomeTogo10,207,476
52%
49PuneIndia17,321,544
48%
93ChongqingChina8,865,139
43%
92MosulIraq8,872,825
43%
83WuhanChina10,005,019
41%
85DoualaCameroon9,682,252
36%
76FaisalabadPakistan11,003,142
36%
78JaipurIndia10,953,067
36%
75GizaEgypt11,004,914
34%
30IbadanNigeria23,680,127
32%
82LucknowIndia10,050,930
32%
58SuratIndia14,533,584
32%
56LubumbashiDR Congo14,659,482
30%
14Blantyre CityMalawi40,910,732
27%
88Port HarcourtNigeria9,395,988
25%
74Benin CityNigeria11,135,365
23%
68KanpurIndia11,725,236
23%
90NagpurIndia9,130,954
23%
59Mbuji-MayiDR Congo14,201,217
18%
79ShenzhenChina10,923,137
18%
97PatnaIndia8,172,752
16%
80Ta'izzYemen10,824,422
9%
62KadunaNigeria13,199,126
7%
69Al-HudaydahYemen11,513,757
5%

Score Distribution

Percentile by Number Answered

Percent of People with Each Score

Your Score History

You have not taken this quiz